Bekannteste Künstler auf Spotify 2024 - Statistiken

Allgemein
  • Dieses Quiz wurde 194 mal gespielt
  • Das Durchschnittsergebnis liegt bei 4 aus 10
Antwortstatistiken
Antwort % Korrekt
Taylor Swift
90%
The Weeknd
62%
Drake
60%
Billie Eilish
40%
Ariana Grande
38%
Travis Scott
32%
Bad Bunny
26%
Kanye West
24%
Feid
1%
Peso Pluma
1%
Keine übereinstimmenden Quizze gefunden
Verteilung der Resultate
Anzahl Personen mit jedem Resultat
Perzentil nach korrekt beantworteten Fragen
Ihre Resultats-Entwicklung
Sie haben dieses Quiz noch nicht gespielt